Sar zameen Baluchistan / (Record no. 331146)

000 -LEADER
fixed length control field nam a22 7a 4500
003 - CONTROL NUMBER IDENTIFIER
control field NUST
005 - DATE AND TIME OF LATEST TRANSACTION
control field 20170920105742.0
008 - FIXED-LENGTH DATA ELEMENTS--GENERAL INFORMATION
fixed length control field 170920b xxu||||| |||| 00| 0 eng d
040 ## - CATALOGING SOURCE
Transcribing agency NUST
082 ## - DEWEY DECIMAL CLASSIFICATION NUMBER
Classification number 954.915
Author Mark HAY
100 ## - MAIN ENTRY--PERSONAL NAME
Personal name Hayous, A. W
9 (RLIN) 4657
245 ## - TITLE STATEMENT
Title Sar zameen Baluchistan /
Statement of responsibility, etc. by A. W. Hayous
260 ## - PUBLICATION, DISTRIBUTION, ETC.
Place of publication, distribution, etc. Quetta:
Name of publisher, distributor, etc. Gosha e adab,
Date of publication, distribution, etc. 2011
300 ## - PHYSICAL DESCRIPTION
Extent 400 p.
546 ## - LANGUAGE NOTE
Language note In Urdu
650 ## - SUBJECT ADDED ENTRY--TOPICAL TERM
Topical term or geographic name entry element Baluchistan- History
9 (RLIN) 4622
880 ## - ALTERNATE GRAPHIC REPRESENTATION
Linkage 100-01\(3\r
Title اے۔ ڈبلیو۔ ہیوز
880 ## - ALTERNATE GRAPHIC REPRESENTATION
Linkage 245-02\(3\r
Title سر زمین بلوچستان
c اے۔ ڈبلیو۔ ہیوز
880 ## - ALTERNATE GRAPHIC REPRESENTATION
Linkage 260-03\(3\r
Title کوئٹہ:
b گوشہ ادب،
c 2011
942 ## - ADDED ENTRY ELEMENTS (KOHA)
Source of classification or shelving scheme
Koha item type Book
Holdings
Withdrawn status Lost status Source of classification or shelving scheme Damaged status Not for loan Permanent Location Current Location Shelving location Date acquired Full call number Barcode Date last seen Copy number Price effective from Koha item type
          Central Library (CL) Central Library (CL) Book Cart 09/20/2017 954.915 HAY CL707 01/25/2022 1 09/20/2017 Book
© 2023 Central Library, National University of Sciences and Technology. All Rights Reserved.